|
|
|
|
| LEADER |
00000cam a2200000 7i4500 |
| 001 |
0000131701 |
| 005 |
20190228.0 |
| 008 |
190228s2018 my e 000 0 bm |
| 020 |
|
|
|a 9789674606015
|
| 040 |
|
|
|a PERPUSTAM
|b eng
|c PERPUSTAM
|e rda
|
| 090 |
0 |
0 |
|a 371.3
|b WAA
|
| 100 |
0 |
|
|a Wan Ali Akbar Wan Abdullah ,
|d 1984- ,
|e author
|
| 245 |
1 |
0 |
|a INOVASI PENDIDIKAN ISLAM :
|b INSPIRASI & TRANSFORMASI
|c WAN ALI AKBAR WAN ABDULLAH, NURSAFRA MOHD ZHAFFAR ; Editor: Ahmad Zamani Ishak
|
| 264 |
|
1 |
|a Kuala Lumpur :
|b INSTITUT TERJEMAHAN & BUKU MALAYSIA BERHAD
|c 2018
|
| 300 |
|
|
|a xvi, 146 pages ;
|c 23 cm.
|
| 336 |
|
|
|a text, rdacontent
|
| 337 |
|
|
|a unmediated
|2 rdamedia
|
| 338 |
|
|
|a volume
|2 rdacarrier
|
| 500 |
|
|
|a Contains verses from the Qur'an
|
| 650 |
1 |
0 |
|a Educational innovations
|
| 650 |
2 |
0 |
|a Islamic religious education
|z Malaysia
|
| 650 |
2 |
0 |
|a Teaching
|x Methodology
|
| 700 |
0 |
|
|a Ahmad Zamani Ishak ,
|e editor
|
| 700 |
0 |
|
|a Nursafra Mohd. Zhaffar ,
|d 1984- ,
|e author
|
| 999 |
|
|
|a 0000595959
|b Buku
|c Rak Terbuka
|e Perbadanan Perpustakaan Awam Melaka
|
| 999 |
|
|
|a 0000595960
|b Buku
|c Rak Terbuka
|e Perpustakaan Cawangan Jasin
|
| 999 |
|
|
|a 0000595961
|b Buku
|c Rak Terbuka
|e Perpustakaan Cawangan Masjid Tanah
|
| 999 |
|
|
|a 0000595962
|b Buku
|c Rak Terbuka
|e Perpustakaan Cawangan Merlimau
|
| 999 |
|
|
|a 0000595963
|b Buku
|c Rak Terbuka
|e Perbadanan Perpustakaan Awam Melaka
|
| 999 |
|
|
|a 0000595964
|b Buku
|c Rak Terbuka
|e Perbadanan Perpustakaan Awam Melaka
|
| 999 |
|
|
|a 0000595965
|b Buku
|c Rak Terbuka
|e PK Aeon Jaya Jusco
|
| 999 |
|
|
|a 0000595966
|b Buku
|c Rak Terbuka
|e PK Melaka Mall
|
| 999 |
|
|
|a 0000595967
|b Buku
|c Rak Terbuka
|e Perbadanan Perpustakaan Awam Melaka
|
| 999 |
|
|
|a 0000595968
|b Buku
|c Rak Terbuka
|e Perbadanan Perpustakaan Awam Melaka
|
| 999 |
|
|
|a 0000595969
|b Buku
|c Rak Terbuka
|e Perpustakaan Komuniti UTC Melaka
|
| 999 |
|
|
|a 0000595970
|b Buku
|c Rak Terbuka
|e Perbadanan Perpustakaan Awam Melaka
|
| 999 |
|
|
|a 0000595971
|b Buku
|c Rak Terbuka
|e Perbadanan Perpustakaan Awam Melaka
|
| 999 |
|
|
|a 0000595972
|b Buku
|c Rak Terbuka
|e Perbadanan Perpustakaan Awam Melaka
|
| 999 |
|
|
|a 0000595973
|b Buku
|c Rak Terbuka
|e Perbadanan Perpustakaan Awam Melaka
|
| 999 |
|
|
|a 0000595974
|b Buku
|c Rak Terbuka
|e Perbadanan Perpustakaan Awam Melaka
|
| 999 |
|
|
|a 0000595975
|b Buku
|c Rak Terbuka
|e Perbadanan Perpustakaan Awam Melaka
|
| 999 |
|
|
|a 0000595976
|b Buku
|c Rak Terbuka
|e Perbadanan Perpustakaan Awam Melaka
|
| 999 |
|
|
|a 0000595977
|b Buku
|c Rak Terbuka
|e Perpustakaan Sekolah Henrey Gurney
|
| 999 |
|
|
|a 0000595978
|b Buku
|c Rak Terbuka
|e Perpustakaan Desa Asahan
|
| 999 |
|
|
|a 0000595979
|b Buku
|c Rak Terbuka
|e Perpustkaan Desa Lubuk China
|